Ville française de A à Z - Statistiques

Statistiques générales
  • Ce quiz a été pris 180 fois
  • Le résultat moyen est 16 sur 26
Statistiques - réponses
Indice Réponse % Correct
Accueille chaque année un célèbre festival de cinéma Cannes
96%
Réputée pour sa moutarde Dijon
96%
Célèbre pour son vin Bordeaux
95%
Capitale de la France Paris
95%
Marque d'eau Evian-Les-Bains
94%
Plus vieux port de France Marseille
90%
Surnommée la “Ville Rose” à cause de ses bâtiments en brique Toulouse
89%
Située sur la Côte d’Azur, connue pour sa Promenade des Anglais Nice
88%
Siège du Parlement européen Strasbourg
87%
Capitale de la gastronomie française Lyon
83%
Abrite le château de Louis XIV Versailles
83%
Ville historique liée à Jeanne d’Arc Orléans
82%
Proche des Alpes, elle a été élue ville avec la meilleure qualité de vie Grenoble
79%
Ville bretonne, une des villes les plus à l'ouest Quimper
79%
Célèbre pour le Palais des Papes et ses remparts médiévaux Avignon
75%
Ville méditerranéenne, ce n'est pas aujourd'hui Hyères
72%
Ville où Jeanne d’Arc a été jugée et brûlée sur le bûcher en 1431 Rouen
71%
Connue pour son château et sa forêt Fontainebleau
64%
Ville proche de Paris, connue pour son dynamisme économique Issy-les-Moulineaux
40%
Charmante ville du Gard avec un riche patrimoine historique Uzès
28%
Ville natale de François Mitterrand Jarnac
19%
Ville alsacienne proche de la frontière allemande Wissembourg
11%
Village médiéval au bord du lac Léman Yvoire
8%
Village alsacien pittoresque avec des maisons à colombages Kaysersberg
5%
Village corse situé dans les montagnes de l’Alta Rocca Zonza
4%
Petite commune des Vosges avec un château Xertigny
3%
Aucun quiz correspondant
Distribution des résultats
% des personnes avec chaque résultat
Percentile par nombre de réponses
Votre historique - résultats
Vous n’avez pas pris ce quiz